[Event "Deutsche Blitz-Einzelmeisterschaft der Frauen 2021"]
[Site "Magdeburg"]
[Date "2021.08.01"]
[Round "5"]
[Board "7"]
[White "Albayrak, Berrak"]
[Black "Michna, Marta"]
[Result "0-1"]
[WhiteElo "1491"]
[BlackElo "2416"]
[PlyCount "0"]
[EventDate "2021.08.01"]
[EventRounds "21"]
[EventCountry "GER"]

1. e4 {[%clk 0:03:03]} e6 {[%clk 0:03:01]} 2. d4 {[%clk 0:03:03]} d5 {[%clk
0:03:02]} 3. Nd2 {[%clk 0:03:03]} Nf6 {[%clk 0:03:03]} 4. e5 {[%clk 0:03:04]}
Nfd7 {[%clk 0:03:04]} 5. Bd3 {[%clk 0:02:55]} c5 {[%clk 0:03:05]} 6. c3 {[%clk
0:03:05]} Nc6 {[%clk 0:03:06]} 7. Ne2 {[%clk 0:03:05]} a5 {[%clk 0:03:06]} 8. O-O
{[%clk 0:03:02]} cxd4 {[%clk 0:03:02]} 9. cxd4 {[%clk 0:03:03]} Nb6 {[%clk
0:03:03]} 10. f4 {[%clk 0:02:53]} g6 {[%clk 0:03:03]} 11. Nf3 {[%clk 0:02:38]} h5
{[%clk 0:03:03]} 12. Ng5 {[%clk 0:01:51]} Bd7 {[%clk 0:03:04]} 13. h4 {[%clk
0:01:46]} Ne7 {[%clk 0:03:03]} 14. Ng3 {[%clk 0:01:24]} Bc6 {[%clk 0:02:53]} 15.
Qe2 {[%clk 0:01:17]} Qd7 {[%clk 0:02:43]} 16. Bd2 {[%clk 0:00:59]} Nf5 {[%clk
0:02:19]} 17. Nxf5 {[%clk 0:00:57]} gxf5 {[%clk 0:02:20]} 18. Rac1 {[%clk
0:00:46]} Be7 {[%clk 0:02:19]} 19. Rc2 {[%clk 0:00:36]} Kf8 {[%clk 0:02:11]} 20.
Rfc1 {[%clk 0:00:29]} Kg7 {[%clk 0:02:08]} 21. Qf2 {[%clk 0:00:24]} Rh6 {[%clk
0:02:07]} 22. Qg3 {[%clk 0:00:21]} Rg6 {[%clk 0:02:08]} 23. Qf3 {[%clk 0:00:19]}
Rh6 {[%clk 0:02:04]} 24. Qg3 {[%clk 0:00:18]} Kf8 {[%clk 0:02:06]} 25. a3 {[%clk
0:00:13]} a4 {[%clk 0:01:58]} 26. Rf1 {[%clk 0:00:11]} Rc8 {[%clk 0:01:51]} 27.
Rfc1 {[%clk 0:00:10]} Ra8 {[%clk 0:01:51]} 28. Rf1 {[%clk 0:00:11]} Nc4 {[%clk
0:01:36]} 29. Rfc1 {[%clk 0:00:04]} b5 {[%clk 0:01:37]} 30. b3 {[%clk 0:00:03]}
axb3 {[%clk 0:01:38]} 31. Rc3 {[%clk 0:00:03]} b2 {[%clk 0:01:34]} 32. Rb1 {[%clk
0:00:04]} Nxd2 {[%clk 0:01:34]} 33. Rxb2 {[%clk 0:00:05]} Nc4 {[%clk 0:01:35]}
34. Rbc2 {[%clk 0:00:06]} Qa7 {[%clk 0:01:19]} 35. Bxc4 {[%clk 0:00:06]} Qxd4+
{[%clk 0:01:19]} 36. Kh2 bxc4 {[%clk 0:01:17]} 37. Qf3 Qa7 {[%clk 0:01:18]} 38.
Qd1 {[%clk 0:00:05]} Qb6 {[%clk 0:01:11]} 39. Qc1 Qd4 {[%clk 0:01:03]} 40. Rb2
{[%clk 0:00:04]} Bxa3 {[%clk 0:01:00]} 41. Qb1 {[%clk 0:00:05]} Bxb2 {[%clk
0:01:01]} 42. Qxb2 {[%clk 0:00:06]} Qxf4+ {[%clk 0:01:00]} 43. Kh1 {[%clk
0:00:07]} Qxh4+ {[%clk 0:01:00]} 44. Kg1 {[%clk 0:00:08]} Qxg5 {[%clk 0:01:01]}
45. Qb4+ {[%clk 0:00:10]} Kg7 {[%clk 0:01:02]} 46. Qb3 {[%clk 0:00:09]} cxb3
{[%clk 0:01:01]}  0-1

[Event "Deutsche Blitz-Einzelmeisterschaft der Frauen 2021"]
[Site "Magdeburg"]
[Date "2021.08.01"]
[Round "5"]
[Board "8"]
[White "Muetsch, Annmarie"]
[Black "Zimmer, Elke"]
[Result "1-0"]
[WhiteElo "2294"]
[BlackElo "1872"]
[PlyCount "0"]
[EventDate "2021.08.01"]
[EventRounds "21"]
[EventCountry "GER"]

1. e4 {[%clk 0:03:03]} d6 {[%clk 0:03:03]} 2. d4 {[%clk 0:03:03]} Nc6 {[%clk
0:03:02]} 3. c4 {[%clk 0:02:51]} e5 {[%clk 0:03:03]} 4. Ne2 {[%clk 0:02:48]} g6
{[%clk 0:02:54]} 5. d5 {[%clk 0:02:41]} Nce7 {[%clk 0:02:52]} 6. Nbc3 {[%clk
0:02:42]} Bg7 {[%clk 0:02:51]} 7. g3 {[%clk 0:02:38]} f5 {[%clk 0:02:52]} 8. Bg2
{[%clk 0:02:38]} Nf6 {[%clk 0:02:53]} 9. O-O {[%clk 0:02:35]} O-O {[%clk
0:02:53]} 10. f4 {[%clk 0:02:33]} Nh5 {[%clk 0:02:41]} 11. Kh1 {[%clk 0:02:26]}
Qe8 {[%clk 0:02:03]} 12. fxe5 {[%clk 0:02:24]} Bxe5 {[%clk 0:02:04]} 13. Bh6
{[%clk 0:02:10]} Bg7 {[%clk 0:02:03]} 14. Bxg7 {[%clk 0:02:04]} Nxg7 {[%clk
0:02:04]} 15. Nf4 {[%clk 0:01:55]} a6 {[%clk 0:02:00]} 16. Qd4 {[%clk 0:01:47]}
fxe4 {[%clk 0:01:51]} 17. Nxe4 {[%clk 0:01:42]} Nef5 {[%clk 0:01:52]} 18. Nf6+
{[%clk 0:01:22]} Rxf6 {[%clk 0:01:51]} 19. Qxf6 {[%clk 0:01:22]} Ne3 {[%clk
0:01:47]} 20. Rae1 {[%clk 0:01:14]} Ngf5 {[%clk 0:01:05]} 21. Rf3 {[%clk
0:01:09]} Bd7 {[%clk 0:00:50]} 22. Qc3 {[%clk 0:01:06]} Qe5 {[%clk 0:00:46]} 23.
Rfxe3 {[%clk 0:01:02]}  1-0

[Event "Deutsche Blitz-Einzelmeisterschaft der Frauen 2021"]
[Site "Magdeburg"]
[Date "2021.08.01"]
[Round "5"]
[Board "9"]
[White "Skogvall, Martina"]
[Black "Schneider, Birgit"]
[Result "0-1"]
[WhiteElo "2014"]
[BlackElo "1993"]
[PlyCount "0"]
[EventDate "2021.08.01"]
[EventRounds "21"]
[EventCountry "GER"]

1. e4 {[%clk 0:03:03]} c5 {[%clk 0:03:03]} 2. Nc3 {[%clk 0:03:04]} Nc6 {[%clk
0:03:04]} 3. Bb5 {[%clk 0:03:04]} Nd4 {[%clk 0:03:03]} 4. Bc4 {[%clk 0:03:05]} e6
{[%clk 0:02:58]} 5. Nf3 {[%clk 0:03:05]} Ne7 {[%clk 0:02:49]} 6. d3 {[%clk
0:02:56]} Nec6 {[%clk 0:02:44]} 7. Nxd4 {[%clk 0:02:45]} cxd4 {[%clk 0:02:35]} 8.
Ne2 {[%clk 0:02:45]} g6 {[%clk 0:02:16]} 9. O-O {[%clk 0:02:19]} Bg7 {[%clk
0:02:17]} 10. c3 {[%clk 0:02:18]} O-O {[%clk 0:02:09]} 11. cxd4 {[%clk 0:02:18]}
Nxd4 {[%clk 0:02:09]} 12. Be3 {[%clk 0:02:18]} Nxe2+ {[%clk 0:01:55]} 13. Qxe2
{[%clk 0:02:08]} d5 {[%clk 0:01:55]} 14. Bb3 {[%clk 0:02:11]} a6 {[%clk 0:01:08]}
15. Kh1 {[%clk 0:01:54]} dxe4 {[%clk 0:00:59]} 16. dxe4 {[%clk 0:01:53]} Qf6
{[%clk 0:00:41]} 17. Rab1 {[%clk 0:01:44]} Bd7 {[%clk 0:00:41]} 18. f4 {[%clk
0:01:26]} Bb5 {[%clk 0:00:39]} 19. Bc4 {[%clk 0:01:27]} Bxc4 {[%clk 0:00:40]} 20.
Qxc4 {[%clk 0:01:28]} Rfc8 {[%clk 0:00:38]} 21. Qe2 {[%clk 0:01:22]} Rc6 {[%clk
0:00:34]} 22. g4 {[%clk 0:01:09]} Rac8 {[%clk 0:00:35]} 23. e5 {[%clk 0:01:10]}
Qe7 {[%clk 0:00:36]} 24. Rbc1 {[%clk 0:00:54]} Qd7 {[%clk 0:00:34]} 25. Rcd1
{[%clk 0:00:51]} Qe7 {[%clk 0:00:33]} 26. Rd2 {[%clk 0:00:48]} Rc1 {[%clk
0:00:30]} 27. Rdd1 {[%clk 0:00:41]} R1c2 {[%clk 0:00:29]} 28. Rd2 {[%clk
0:00:33]} Rc1 {[%clk 0:00:30]} 29. Qf3 {[%clk 0:00:37]} Qh4 {[%clk 0:00:27]} 30.
Rg2 {[%clk 0:00:27]} R1c2 {[%clk 0:00:24]} 31. Bf2 {[%clk 0:00:09]} Qd8 {[%clk
0:00:24]} 32. Rd1 {[%clk 0:00:03]} Rc1 {[%clk 0:00:14]} 33. Rgg1 {[%clk 0:00:04]}
 0-1

[Event "Deutsche Blitz-Einzelmeisterschaft der Frauen 2021"]
[Site "Magdeburg"]
[Date "2021.08.01"]
[Round "5"]
[Board "10"]
[White "Zeller, Elisa"]
[Black "Mader, Lena"]
[Result "1-0"]
[WhiteElo "1917"]
[BlackElo "1689"]
[PlyCount "0"]
[EventDate "2021.08.01"]
[EventRounds "21"]
[EventCountry "GER"]

1. e4 {[%clk 0:03:02]} c6 {[%clk 0:02:53]} 2. d4 {[%clk 0:03:03]} d5 {[%clk
0:03:06]} 3. Nc3 {[%clk 0:03:01]} dxe4 {[%clk 0:03:06]} 4. Nxe4 {[%clk 0:03:02]}
Nf6 {[%clk 0:03:07]} 5. Nxf6+ {[%clk 0:02:53]} exf6 {[%clk 0:03:08]} 6. Bd3
{[%clk 0:03:00]} Bd6 {[%clk 0:03:09]} 7. c3 {[%clk 0:03:00]} O-O {[%clk 0:03:08]}
8. Ne2 {[%clk 0:03:00]} Re8 {[%clk 0:03:01]} 9. O-O {[%clk 0:03:00]} Nd7 {[%clk
0:02:57]} 10. Ng3 {[%clk 0:03:00]} Nf8 {[%clk 0:02:52]} 11. Qc2 {[%clk 0:02:55]}
Ng6 {[%clk 0:02:50]} 12. Bd2 {[%clk 0:02:38]} Bxg3 {[%clk 0:02:25]} 13. hxg3
{[%clk 0:02:32]} Be6 {[%clk 0:02:22]} 14. f4 {[%clk 0:02:22]} Nf8 {[%clk
0:01:44]} 15. Rae1 {[%clk 0:02:19]} Qc7 {[%clk 0:01:36]} 16. Re2 {[%clk 0:02:10]}
Bg4 {[%clk 0:01:22]} 17. Ref2 {[%clk 0:02:01]} Be6 {[%clk 0:01:18]} 18. b3 {[%clk
0:01:52]} c5 {[%clk 0:01:17]} 19. Qb2 {[%clk 0:01:31]} cxd4 {[%clk 0:01:13]} 20.
cxd4 {[%clk 0:01:32]} a6 {[%clk 0:01:03]} 21. Bc3 {[%clk 0:01:22]} Bd5 {[%clk
0:00:56]} 22. Re2 {[%clk 0:01:11]} Rxe2 {[%clk 0:00:44]} 23. Bxe2 {[%clk
0:01:12]} Rc8 {[%clk 0:00:38]} 24. Rc1 {[%clk 0:01:07]} Qd7 {[%clk 0:00:37]} 25.
Bd2 {[%clk 0:01:00]} Rxc1+ {[%clk 0:00:31]} 26. Bxc1 {[%clk 0:01:01]} Ne6 {[%clk
0:00:27]} 27. Be3 {[%clk 0:00:58]} Qc6 {[%clk 0:00:24]} 28. Bd3 {[%clk 0:00:51]}
h6 {[%clk 0:00:21]} 29. Qc2 {[%clk 0:00:50]} Qd7 {[%clk 0:00:17]} 30. Bh7+ {[%clk
0:00:46]} Kh8 {[%clk 0:00:14]} 31. Bf5 {[%clk 0:00:42]} Kg8 {[%clk 0:00:10]} 32.
Bd3 {[%clk 0:00:41]} Bc6 {[%clk 0:00:08]} 33. Qc3 {[%clk 0:00:38]} Qd5 {[%clk
0:00:07]} 34. Qb2 {[%clk 0:00:33]} Nc7 {[%clk 0:03:02]}  1-0

[Event "Deutsche Blitz-Einzelmeisterschaft der Frauen 2021"]
[Site "Magdeburg"]
[Date "2021.08.01"]
[Round "6"]
[Board "1"]
[White "Wulf, Constanze"]
[Black "Zschischang, Marine"]
[Result "0-1"]
[WhiteElo "1817"]
[BlackElo "2034"]
[PlyCount "0"]
[EventDate "2021.08.01"]
[EventRounds "21"]
[EventCountry "GER"]

1. e4 {[%clk 0:03:03]} e6 {[%clk 0:03:04]} 2. d3 {[%clk 0:03:03]} d5 {[%clk
0:03:05]} 3. Nd2 {[%clk 0:03:03]} dxe4 {[%clk 0:03:05]} 4. dxe4 {[%clk 0:02:54]}
Bc5 {[%clk 0:03:02]} 5. Ngf3 {[%clk 0:02:54]} a5 {[%clk 0:03:00]} 6. c3 {[%clk
0:03:01]} Ne7 {[%clk 0:02:58]} 7. Bc4 {[%clk 0:03:01]} O-O {[%clk 0:02:55]} 8.
O-O {[%clk 0:03:01]} Bd7 {[%clk 0:02:52]} 9. Re1 {[%clk 0:03:00]} Ng6 {[%clk
0:02:47]} 10. Nf1 {[%clk 0:02:59]} Bc6 {[%clk 0:02:44]} 11. Bg5 {[%clk 0:02:48]}
Qxd1 {[%clk 0:02:36]} 12. Raxd1 {[%clk 0:02:48]} b5 {[%clk 0:02:25]} 13. Bd3
{[%clk 0:02:37]} h6 {[%clk 0:02:18]} 14. Be3 {[%clk 0:02:38]} Na6 {[%clk
0:02:08]} 15. Bc2 {[%clk 0:02:37]} Rfd8 {[%clk 0:02:04]} 16. Ng3 {[%clk 0:02:11]}
Rxd1 {[%clk 0:02:03]} 17. Bxd1 {[%clk 0:02:08]} Rd8 {[%clk 0:02:02]} 18. Bc2
{[%clk 0:02:08]} Kf8 {[%clk 0:01:54]} 19. Nd4 {[%clk 0:01:32]} Be8 {[%clk
0:01:44]} 20. Rd1 {[%clk 0:01:15]} c6 {[%clk 0:01:34]} 21. Kf1 {[%clk 0:01:15]}
Ne5 {[%clk 0:01:31]} 22. Bf4 {[%clk 0:01:04]} Nc4 {[%clk 0:01:22]} 23. b3 {[%clk
0:00:58]} Na3 {[%clk 0:01:21]} 24. Nge2 {[%clk 0:00:30]} Bxd4 {[%clk 0:01:14]}
25. Nxd4 {[%clk 0:00:21]} Nxc2 {[%clk 0:01:14]} 26. Ke2 {[%clk 0:00:17]} Nxd4+
{[%clk 0:01:14]} 27. cxd4 {[%clk 0:00:18]} f6 {[%clk 0:01:11]} 28. Bc1 {[%clk
0:00:09]} Kf7 {[%clk 0:01:10]} 29. Bb2 {[%clk 0:00:08]} c5 {[%clk 0:01:07]} 30.
d5 {[%clk 0:00:08]} exd5 {[%clk 0:01:07]} 31. exd5 {[%clk 0:00:09]} Nc7 {[%clk
0:01:00]} 32. d6 {[%clk 0:00:00]} Ne6 {[%clk 0:01:00]} 33. Kf3 {[%clk 0:00:06]}
Bc6+ {[%clk 0:00:57]} 34. Kg3 Nd4 {[%clk 0:00:54]} 35. Bxd4 Rxd6 {[%clk 0:00:55]}
 0-1

[Event "Deutsche Blitz-Einzelmeisterschaft der Frauen 2021"]
[Site "Magdeburg"]
[Date "2021.08.01"]
[Round "6"]
[Board "3"]
[White "Schneider, Birgit"]
[Black "Zeller, Elisa"]
[Result "1/2-1/2"]
[WhiteElo "1993"]
[BlackElo "1917"]
[PlyCount "0"]
[EventDate "2021.08.01"]
[EventRounds "21"]
[EventCountry "GER"]

1. e4 {[%clk 0:03:03]} e6 {[%clk 0:03:03]} 2. d4 {[%clk 0:03:04]} d5 {[%clk
0:03:04]} 3. e5 {[%clk 0:03:05]} c5 {[%clk 0:03:06]} 4. c3 {[%clk 0:03:06]} Nc6
{[%clk 0:03:07]} 5. Nf3 {[%clk 0:03:07]} Bd7 {[%clk 0:02:58]} 6. Be2 {[%clk
0:03:00]} Qb6 {[%clk 0:03:08]} 7. a3 {[%clk 0:03:00]} Nge7 {[%clk 0:03:07]} 8. b4
{[%clk 0:03:01]} cxb4 {[%clk 0:03:03]} 9. cxb4 {[%clk 0:03:01]} Nf5 {[%clk
0:02:54]} 10. Be3 {[%clk 0:03:02]} Be7 {[%clk 0:02:47]} 11. Nc3 {[%clk 0:03:01]}
Rc8 {[%clk 0:02:29]} 12. Rc1 {[%clk 0:02:58]} a6 {[%clk 0:02:24]} 13. O-O {[%clk
0:02:54]} O-O {[%clk 0:02:24]} 14. Na4 {[%clk 0:02:51]} Qd8 {[%clk 0:02:23]} 15.
Nc5 {[%clk 0:02:47]} Bxc5 {[%clk 0:02:19]} 16. Rxc5 {[%clk 0:02:44]} Nxe3 {[%clk
0:02:19]} 17. fxe3 {[%clk 0:02:43]} Ne7 {[%clk 0:02:10]} 18. Qd2 {[%clk 0:02:05]}
Rxc5 {[%clk 0:02:10]} 19. bxc5 {[%clk 0:02:06]} Qc7 {[%clk 0:01:56]} 20. Rb1
{[%clk 0:02:00]} Bc6 {[%clk 0:01:49]} 21. Bd3 {[%clk 0:01:48]} Ng6 {[%clk
0:01:29]} 22. Rb6 {[%clk 0:01:10]} Qd7 {[%clk 0:01:21]} 23. Qb2 {[%clk 0:01:01]}
Rc8 {[%clk 0:01:18]} 24. Qf2 {[%clk 0:00:55]} Qe7 {[%clk 0:01:16]} 25. Rb1 {[%clk
0:00:52]}  1/2-1/2

[Event "Deutsche Blitz-Einzelmeisterschaft der Frauen 2021"]
[Site "Magdeburg"]
[Date "2021.08.01"]
[Round "6"]
[Board "4"]
[White "Zimmer, Elke"]
[Black "Skogvall, Martina"]
[Result "0-1"]
[WhiteElo "1872"]
[BlackElo "2014"]
[PlyCount "0"]
[EventDate "2021.08.01"]
[EventRounds "21"]
[EventCountry "GER"]

1. e4 {[%clk 0:03:02]} e6 {[%clk 0:03:03]} 2. d4 {[%clk 0:03:03]} d5 {[%clk
0:03:05]} 3. exd5 {[%clk 0:03:04]} exd5 {[%clk 0:03:06]} 4. Nf3 {[%clk 0:03:05]}
Bd6 {[%clk 0:03:06]} 5. Bd3 {[%clk 0:03:06]} Ne7 {[%clk 0:03:06]} 6. c3 {[%clk
0:03:08]} O-O {[%clk 0:03:05]} 7. Bg5 {[%clk 0:03:07]} f6 {[%clk 0:03:06]} 8. Bh4
{[%clk 0:03:08]} Bf5 {[%clk 0:03:05]} 9. O-O {[%clk 0:03:08]} Nd7 {[%clk
0:03:05]} 10. Qc2 {[%clk 0:03:09]} Bxd3 {[%clk 0:02:57]} 11. Qxd3 {[%clk
0:03:10]} Ng6 {[%clk 0:03:04]} 12. Bg3 {[%clk 0:03:11]} Nf4 {[%clk 0:03:01]} 13.
Qd2 {[%clk 0:03:07]} Ng6 {[%clk 0:02:58]} 14. Bxd6 {[%clk 0:03:07]} cxd6 {[%clk
0:02:59]} 15. Qc2 {[%clk 0:03:05]} Qb6 {[%clk 0:02:48]} 16. Nbd2 {[%clk 0:03:04]}
Rfe8 {[%clk 0:02:45]} 17. Rae1 {[%clk 0:03:03]} Qb5 {[%clk 0:02:29]} 18. a4
{[%clk 0:02:54]} Qc6 {[%clk 0:02:26]} 19. Rxe8+ {[%clk 0:02:46]} Rxe8 {[%clk
0:02:27]} 20. Re1 {[%clk 0:02:48]} Rxe1+ {[%clk 0:02:18]} 21. Nxe1 {[%clk
0:02:49]} Nb6 {[%clk 0:02:10]} 22. b3 {[%clk 0:02:47]} a5 {[%clk 0:02:15]} 23.
Ndf3 {[%clk 0:02:34]} Kf7 {[%clk 0:02:13]} 24. g3 {[%clk 0:02:24]} Nf8 {[%clk
0:02:02]} 25. Ng2 {[%clk 0:02:14]} g6 {[%clk 0:02:02]} 26. h4 {[%clk 0:02:14]}
Ne6 {[%clk 0:01:54]} 27. Qd3 {[%clk 0:02:06]} Nd7 {[%clk 0:01:49]} 28. Ne3 {[%clk
0:01:49]} f5 {[%clk 0:01:34]} 29. Ng5+ {[%clk 0:01:23]} Nxg5 {[%clk 0:01:30]} 30.
hxg5 {[%clk 0:01:24]} Qb6 {[%clk 0:01:14]} 31. Qb5 {[%clk 0:01:19]} Qxb5 {[%clk
0:01:09]} 32. axb5 {[%clk 0:01:20]} Nb6 {[%clk 0:01:09]} 33. Kf1 {[%clk 0:01:15]}
Ke6 {[%clk 0:01:06]} 34. Ke2 {[%clk 0:01:15]} a4 {[%clk 0:01:03]} 35. bxa4 {[%clk
0:01:17]} Nxa4 {[%clk 0:01:04]} 36. Kd3 {[%clk 0:01:11]} Nb6 {[%clk 0:01:03]} 37.
f4 {[%clk 0:01:03]} Na4 {[%clk 0:00:47]} 38. Nd1 {[%clk 0:00:47]} Nb6 {[%clk
0:00:38]} 39. Nb2 {[%clk 0:00:48]} Nd7 {[%clk 0:00:38]} 40. Na4 {[%clk 0:00:44]}
Ke7 {[%clk 0:00:34]} 41. c4 {[%clk 0:00:41]} dxc4+ {[%clk 0:00:33]} 42. Kxc4
{[%clk 0:00:42]} Ke6 {[%clk 0:00:34]} 43. d5+ {[%clk 0:00:37]} Ke7 {[%clk
0:00:35]} 44. Kd4 {[%clk 0:00:36]} Kf7 {[%clk 0:00:31]} 45. b6 {[%clk 0:00:08]}
Ke7 {[%clk 0:00:31]} 46. Kc4 {[%clk 0:00:03]} Nb8 {[%clk 0:00:24]} 47. Kd4  0-1

[Event "Deutsche Blitz-Einzelmeisterschaft der Frauen 2021"]
[Site "Magdeburg"]
[Date "2021.08.01"]
[Round "6"]
[Board "5"]
[White "Michna, Marta"]
[Black "Muetsch, Annmarie"]
[Result "1-0"]
[WhiteElo "2416"]
[BlackElo "2294"]
[PlyCount "0"]
[EventDate "2021.08.01"]
[EventRounds "21"]
[EventCountry "GER"]

1. d4 {[%clk 0:03:03]} d6 {[%clk 0:03:04]} 2. Nf3 {[%clk 0:03:00]} g6 {[%clk
0:03:04]} 3. c3 {[%clk 0:02:59]} Bg7 {[%clk 0:03:04]} 4. h3 {[%clk 0:02:58]} Nf6
{[%clk 0:03:03]} 5. Bg5 {[%clk 0:02:50]} h6 {[%clk 0:03:02]} 6. Bxf6 {[%clk
0:02:43]} Bxf6 {[%clk 0:03:02]} 7. Nbd2 {[%clk 0:02:44]} d5 {[%clk 0:03:00]} 8.
e4 {[%clk 0:02:38]} dxe4 {[%clk 0:02:57]} 9. Nxe4 {[%clk 0:02:38]} Bg7 {[%clk
0:02:59]} 10. Bc4 {[%clk 0:02:18]} O-O {[%clk 0:02:59]} 11. O-O {[%clk 0:02:17]}
Nd7 {[%clk 0:02:56]} 12. Re1 {[%clk 0:02:09]} Nf6 {[%clk 0:02:54]} 13. Nxf6+
{[%clk 0:02:03]} exf6 {[%clk 0:02:48]} 14. Qb3 {[%clk 0:01:57]} c6 {[%clk
0:02:36]} 15. Re3 {[%clk 0:01:52]} b5 {[%clk 0:02:36]} 16. Bf1 {[%clk 0:01:49]}
Be6 {[%clk 0:02:30]} 17. Rxe6 {[%clk 0:01:43]} fxe6 {[%clk 0:02:31]} 18. Qxe6+
{[%clk 0:01:43]} Kh7 {[%clk 0:02:32]} 19. Qxc6 {[%clk 0:01:34]} Re8 {[%clk
0:02:19]} 20. Bxb5 {[%clk 0:01:31]} Re7 {[%clk 0:02:18]} 21. Bd3 {[%clk 0:01:18]}
Rc8 {[%clk 0:02:07]} 22. Qa6 {[%clk 0:01:16]} f5 {[%clk 0:01:55]} 23. h4 {[%clk
0:00:55]} h5 {[%clk 0:01:12]} 24. Ng5+ {[%clk 0:00:56]} Kh6 {[%clk 0:01:13]} 25.
Bxf5 {[%clk 0:00:46]}  1-0

[Event "Deutsche Blitz-Einzelmeisterschaft der Frauen 2021"]
[Site "Magdeburg"]
[Date "2021.08.01"]
[Round "6"]
[Board "6"]
[White "Moenster, Madita"]
[Black "Albayrak, Berrak"]
[Result "0-1"]
[WhiteElo "1889"]
[BlackElo "1491"]
[PlyCount "0"]
[EventDate "2021.08.01"]
[EventRounds "21"]
[EventCountry "GER"]

1. e4 {[%clk 0:03:03]} d6 {[%clk 0:03:04]} 2. d4 {[%clk 0:03:03]} Nf6 {[%clk
0:03:05]} 3. Nc3 {[%clk 0:03:03]} g6 {[%clk 0:03:06]} 4. Bc4 {[%clk 0:03:03]} Bg7
{[%clk 0:03:07]} 5. Nf3 {[%clk 0:03:02]} O-O {[%clk 0:03:08]} 6. O-O {[%clk
0:03:01]} a6 {[%clk 0:03:06]} 7. a4 {[%clk 0:03:00]} Nxe4 {[%clk 0:03:05]} 8.
Bxf7+ {[%clk 0:02:54]} Rxf7 {[%clk 0:03:05]} 9. Nxe4 {[%clk 0:02:46]} Nc6 {[%clk
0:02:58]} 10. c3 {[%clk 0:02:50]} Bg4 {[%clk 0:02:55]} 11. Qd3 {[%clk 0:02:48]}
Bxf3 {[%clk 0:02:53]} 12. gxf3 {[%clk 0:02:48]} h6 {[%clk 0:02:18]} 13. Kh1
{[%clk 0:02:47]} Qf8 {[%clk 0:02:15]} 14. f4 {[%clk 0:02:43]} e5 {[%clk 0:02:03]}
15. Rg1 {[%clk 0:02:22]} Ne7 {[%clk 0:01:51]} 16. Qf3 {[%clk 0:01:48]} exf4
{[%clk 0:01:31]} 17. Rg4 {[%clk 0:01:43]} Re8 {[%clk 0:00:52]} 18. Rxf4 {[%clk
0:01:23]} Rxf4 {[%clk 0:00:51]} 19. Bxf4 {[%clk 0:00:50]} g5 {[%clk 0:00:50]} 20.
Qg4 {[%clk 0:00:49]} Qxf4 {[%clk 0:00:48]} 21. Qe6+ {[%clk 0:00:44]} Kh7 {[%clk
0:00:41]} 22. Re1 {[%clk 0:00:35]} Qf3+ {[%clk 0:00:23]} 23. Kg1 {[%clk 0:00:35]}
Rf8 {[%clk 0:00:15]} 24. Qxe7 {[%clk 0:00:34]} Qg4+ {[%clk 0:00:14]} 25. Kh1
{[%clk 0:00:30]} Qf3+ {[%clk 0:00:13]} 26. Kg1 {[%clk 0:00:21]} Qg4+ {[%clk
0:00:14]} 27. Ng3 {[%clk 0:00:29]} Qf3 {[%clk 0:00:07]} 28. Qe4+ {[%clk 0:00:26]}
Qxe4 29. Rxe4 {[%clk 0:00:26]} Kg6 {[%clk 0:00:03]} 30. Re7 {[%clk 0:00:26]} Rf7
{[%clk 0:00:03]} 31. Re8 {[%clk 0:00:25]} Kf6 {[%clk 0:00:04]} 32. Rb8 {[%clk
0:00:24]} b6 {[%clk 0:00:05]} 33. Rb7 {[%clk 0:00:15]} Re7 {[%clk 0:00:04]} 34.
Kg2 {[%clk 0:00:15]} Kg6 {[%clk 0:00:04]} 35. b4 {[%clk 0:00:13]} h5 {[%clk
0:00:05]} 36. Nf1 {[%clk 0:00:09]} g4 {[%clk 0:00:03]} 37. Ne3 {[%clk 0:00:08]}
Bh6 {[%clk 0:00:04]} 38. Nd5 {[%clk 0:00:08]} Rf7 {[%clk 0:00:05]} 39. Rxc7
{[%clk 0:00:06]} Rf3 {[%clk 0:00:05]} 40. Rb7 {[%clk 0:00:05]} Bd2 {[%clk
0:00:05]} 41. Rxb6 {[%clk 0:00:03]} Be1 {[%clk 0:00:06]} 42. Rxd6+ {[%clk
0:00:03]} Kg5 {[%clk 0:00:07]} 43. Re6 {[%clk 0:00:03]} Rxf2+ {[%clk 0:00:01]}
44. Kg1 {[%clk 0:00:03]} Rc2 {[%clk 0:00:01]} 45. Re5+ {[%clk 0:00:03]} Kh4
{[%clk 0:00:01]} 46. Rxe1 {[%clk 0:03:02]}  0-1

[Event "Deutsche Blitz-Einzelmeisterschaft der Frauen 2021"]
[Site "Magdeburg"]
[Date "2021.08.01"]
[Round "6"]
[Board "7"]
[White "Brunner, Sophia"]
[Black "Stangl, Anita"]
[Result "1-0"]
[WhiteElo "1741"]
[BlackElo "1982"]
[PlyCount "0"]
[EventDate "2021.08.01"]
[EventRounds "21"]
[EventCountry "GER"]

1. d4 {[%clk 0:03:03]} e6 {[%clk 0:03:04]} 2. c4 {[%clk 0:03:04]} d5 {[%clk
0:03:05]} 3. Nc3 {[%clk 0:03:05]} c6 {[%clk 0:03:06]} 4. Nf3 {[%clk 0:03:06]}
dxc4 {[%clk 0:03:08]} 5. e3 {[%clk 0:03:04]} b5 {[%clk 0:02:59]} 6. a4 {[%clk
0:03:02]} Bb4 {[%clk 0:03:09]} 7. Bd2 {[%clk 0:02:56]} a5 {[%clk 0:03:08]} 8.
axb5 {[%clk 0:02:54]} Bxc3 {[%clk 0:03:08]} 9. Bxc3 {[%clk 0:02:50]} cxb5 {[%clk
0:03:09]} 10. d5 {[%clk 0:02:32]} Nf6 {[%clk 0:03:07]} 11. d6 {[%clk 0:02:05]}
O-O {[%clk 0:02:53]} 12. Qd4 {[%clk 0:01:35]} Nbd7 {[%clk 0:02:23]} 13. e4 {[%clk
0:01:11]} Bb7 {[%clk 0:02:24]} 14. e5 {[%clk 0:01:09]} Nd5 {[%clk 0:02:25]} 15.
Bd2 {[%clk 0:01:00]} f5 {[%clk 0:01:55]} 16. b3 {[%clk 0:00:27]} cxb3 {[%clk
0:01:09]} 17. Bxb5 {[%clk 0:00:25]} N7b6 {[%clk 0:01:10]} 18. O-O {[%clk
0:00:20]} a4 {[%clk 0:00:48]} 19. Ng5 {[%clk 0:00:20]} Bc8 {[%clk 0:00:38]} 20.
Bxa4 {[%clk 0:00:12]} h6 {[%clk 0:00:34]} 21. Nf3 {[%clk 0:00:11]} b2 {[%clk
0:00:34]} 22. Ra2 {[%clk 0:00:01]} Nxa4 {[%clk 0:00:30]} 23. Rxa4 Qb6 {[%clk
0:00:26]} 24. Qxb6 {[%clk 0:00:06]} Nxb6 {[%clk 0:00:27]} 25. Rxa8 {[%clk
0:00:07]} Nxa8 {[%clk 0:00:28]} 26. Rb1 {[%clk 0:00:09]} Bb7 {[%clk 0:00:28]} 27.
Rxb2 {[%clk 0:00:10]} Bd5 {[%clk 0:00:25]} 28. Rc2 {[%clk 0:00:07]} Rb8 {[%clk
0:00:25]} 29. h3 {[%clk 0:00:06]} Kf7 {[%clk 0:00:20]} 30. Nd4 {[%clk 0:00:08]}
Rb1+ {[%clk 0:00:16]} 31. Kh2 {[%clk 0:00:09]} Rb7 {[%clk 0:00:17]} 32. Be3
{[%clk 0:00:08]} Nb6 {[%clk 0:00:17]} 33. Nb5 {[%clk 0:00:07]} Nd7 {[%clk
0:00:18]} 34. Nc7 {[%clk 0:00:05]} Be4 {[%clk 0:00:18]} 35. Rd2 {[%clk 0:00:05]}
Rb2 {[%clk 0:00:18]} 36. Rxb2 {[%clk 0:00:05]} Kg6 {[%clk 0:00:19]} 37. Rb6
{[%clk 0:00:07]} Kh5 {[%clk 0:00:20]} 38. g4+ {[%clk 0:00:08]} fxg4 {[%clk
0:00:14]} 39. hxg4+ {[%clk 0:00:08]} Kxg4 {[%clk 0:00:14]} 40. Ra6 {[%clk
0:00:10]} Kf3 {[%clk 0:00:17]} 41. Ra7 {[%clk 0:00:10]} Nxe5 {[%clk 0:00:18]} 42.
Nxe6 {[%clk 0:00:09]} Bd5 {[%clk 0:00:17]} 43. Nd4+ {[%clk 0:00:09]} Ke4 {[%clk
0:00:18]} 44. d7 {[%clk 0:00:10]} Nxd7 {[%clk 0:00:08]} 45. Rxd7 {[%clk 0:00:11]}
Bc4 {[%clk 0:00:20]} 46. Rxg7 {[%clk 0:00:12]} h5 {[%clk 0:00:21]} 47. Rh7 {[%clk
0:00:12]}  1-0